| 000 | 01320nam a2200241Ia 4500 | ||
|---|---|---|---|
| 999 |
_c36361 _d36361 |
||
| 001 | 2273 | ||
| 003 | GE_BSU | ||
| 005 | 20190502121633.0 | ||
| 008 | 181216s2009||||ge |||||||||||||| ||geo|| | ||
| 020 | _a9789941906411 | ||
| 040 | _cGE_BSU | ||
| 041 | _ageo | ||
| 080 | _a35.088.2+005.931 უ–13 | ||
| 100 |
_aუაიტი, უილიამ _9644 |
||
| 245 |
_aსუფთა სათავსების ტექნოლოგია : _bპროექტირების გამოცდისა და ექსპლოატაციის საფუძვლები / _cუილიამ (ბილ) უაიტი ; [მთარგმნ. მაყვალა ჩირიკაშვილი] ; თარგმანის რედ. მამუკა ჯანაშვილი. |
||
| 264 |
_aთბილისი : _bმთაწმინდელი, _c2009 |
||
| 300 |
_a356 გვ.: _bსურ.; _c21 სმ. |
||
| 653 | _aტექნოლოგია | ||
| 653 | _a სუფთა სათავსის ტექნოლოგია | ||
| 700 |
_aჯანაშვილი,მამუკა _eრედაქტორი _9645 |
||
| 700 |
_aჩირიკაშვილი, მაყვალა _eმთარგმნელი _9646 |
||
| 942 |
_cBK _2udc |
||